| 000 | 00369nam a2200145Ia 4500 | ||
|---|---|---|---|
| 008 | 150201s2001 xx 000 0 und d | ||
| 082 |
_a612 _bE2001S |
||
| 100 | _aSEMBULINGAM | ||
| 245 | _aESSENTIAL OF MEDICAL PHYSIOLOGY | ||
| 250 | _a2ND | ||
| 260 |
_bJAYPEE MEDICAL PUBLISHER _aDARYAGANJ (DELHI) _c2001 |
||
| 300 | _a1-840 | ||
| 650 | _aPHYSIOLOGY | ||
| 942 |
_2ddc _cBK |
||
| 999 |
_c2484 _d2484 |
||